Statistics for All Michael Jackson Songs

Click here to take the quiz!

General Stats

  • This quiz has been taken 698 times
    (681 since last reset)
  • The average score is 49 of 167

Answer Stats

AlbumSong% Correct
ThrillerThriller
94%
BadBad
91%
ThrillerBillie Jean
89%
ThrillerBeat It
85%
BadSmooth Criminal
82%
DangerousDangerous
79%
Off the WallOff the Wall
77%
DangerousBlack or White
76%
BenBen
75%
BadDirty Diana
72%
Off the WallRock with You
69%
BadMan in the Mirror
67%
BadThe Way You Make Me Feel
66%
Off the WallDon't Stop 'Til You Get Enough
65%
HIStory: Past, Present and Future, Book IEarth Song
65%
Blood on the Dance Floor: HIStory in the MixBlood on the Dance Floor
62%
ThrillerP.Y.T. (Pretty Young Thing)
62%
HIStory: Past, Present and Future, Book IThey Don't Care About Us
62%
ThrillerWanna Be Startin' Somethin'
62%
Got to Be ThereGot to Be There
61%
ThrillerHuman Nature
60%
InvincibleInvincible
60%
DangerousRemember the Time
60%
HIStory: Past, Present and Future, Book IScream
59%
ThrillerThe Girl Is Mine
59%
Michael Jackson's This Is ItThis Is It
56%
DangerousHeal the World
54%
InvincibleYou Rock My World
54%
DangerousJam
52%
BadLeave Me Alone
52%
BadLiberian Girl
52%
HIStory: Past, Present and Future, Book IYou Are Not Alone
51%
BadSpeed Demon
50%
HIStory: Past, Present and Future, Book IHIStory
47%
HIStory: Past, Present and Future, Book IStranger in Moscow
47%
XscapeXscape
47%
BadI Just Can't Stop Loving You
45%
XscapeLove Never Felt So Good
45%
Blood on the Dance Floor: HIStory in the MixGhosts
44%
DangerousIn the Closet
44%
Music & MeMusic and Me
43%
Off the WallShe's Out of My Life
42%
ThrillerBaby Be Mine
40%
BadAnother Part of Me
39%
InvincibleButterflies
39%
XscapeChicago
39%
ThrillerThe Lady in My Life
39%
DangerousWho Is It
39%
DangerousWill You Be There
38%
Off the WallWorking Day and Night
35%
Pipes of PeaceSay Say Say
34%
InvincibleUnbreakable
33%
DangerousGive In to Me
32%
Farewell My Summer LoveFarewell My Summer Love
31%
InvincibleHeaven Can Wait
31%
BadJust Good Friends
31%
Off the WallGirlfriend
30%
XscapeSlave to the Rhythm
30%
HIStory: Past, Present and Future, Book I2 Bad
29%
HIStory: Past, Present and Future, Book ICome Together
29%
DangerousGone Too Soon
29%
MichaelHold My Hand
29%
MichaelHollywood Tonight
29%
DangerousWhy You Wanna Trip on Me
29%
XscapeA Place with No Name
28%
Off the WallBurn This Disco Out
28%
HIStory: Past, Present and Future, Book IChildhood
28%
HIStory: Past, Present and Future, Book IMoney
28%
HIStory: Past, Present and Future, Book ITabloid Junkie
28%
Invincible2000 Watts
27%
InvincibleCry
27%
HIStory: Past, Present and Future, Book ID.S.
27%
Off the WallI Can't Help It
27%
Blood on the Dance Floor: HIStory in the MixMorphine
27%
Got to Be ThereRockin' Robin
27%
InvincibleBreak of Dawn
26%
Off the WallGet on the Floor
26%
HIStory: Past, Present and Future, Book ILittle Susie
26%
HIStory: Past, Present and Future, Book ISmile
26%
InvincibleSpeechless
26%
XscapeBlue Gangsta
25%
InvincibleHeartbreaker
25%
Off the WallIt's the Falling in Love
24%
DangerousKeep the Faith
24%
Blood on the Dance Floor: HIStory in the MixIs It Scary
23%
InvinciblePrivacy
23%
DangerousShe Drives Me Wild
23%
InvincibleThe Lost Children
23%
InvincibleThreatened
23%
InvincibleWhatever Happens
23%
DangerousCan't Let Her Get Away
22%
Number OnesOne More Chance
22%
Blood on the Dance Floor: HIStory in the MixSuperfly Sister
22%
HIStory: Past, Present and Future, Book IThis Time Around
22%
InvincibleYou Are My Life
22%
MichaelBehind the Mask
21%
XscapeDo You Know Where Your Children Are
21%
XscapeLoving You
21%
BadStreetwalker
20%
Got to Be ThereAin't No Sunshine
19%
InvincibleDon't Walk Away
19%
The WizEase on Down the Road #1
19%
The WizEase on Down the Road #2
19%
The WizEase on Down the Road #3
19%
MichaelMonster
18%
The WizYou Can't Win
17%
ScorpionDon't Matter to Me
16%
Got to Be ThereI Wanna Be Where You Are
16%
Forever, MichaelOne Day in Your Life
16%
MichaelBest of Joy
15%
MichaelBreaking News
14%
Mind Is the Magic: Anthem for the Las Vegas ShowMind Is the Magic
14%
MichaelMuch too Soon
14%
BadFly Away
13%
BenGreatest Show on Earth
13%
Michael(I Can't Make It) Another Day
13%
Michael(I Like) The Way You Love Me
13%
Got to Be ThereMaria (You Were the Only One)
13%
BenMy Girl
13%
Forever, MichaelDear Michael
12%
Blood on the Dance Floor: HIStory in the MixScream Louder
11%
Forever, MichaelDapper-Dan
10%
Music & MeEuphoria
10%
Got to Be ThereGirl Don't Take Your Love from Me
10%
Music & MeHappy (Love Theme from Lady Sings the Blues)
10%
Ben | Got to Be ThereIn Our Small Way
10%
Forever, MichaelJust a Little Bit of You
10%
MichaelKeep Your Head Up
10%
Forever, MichaelTake Me Back
10%
Forever, MichaelWe're Almost There
10%
Forever, MichaelCinderella Stay Awhile
9%
BenEverybody's Somebody's Fool
9%
Music & MeJohnny Raven
9%
Got to Be ThereLove Is Here and Now You're Gone
9%
BenPeople Make the World Go Round
9%
BadTodo Mi Amor Eres Tú
9%
BenWe've Got a Good Thing Going
9%
Forever, MichaelWe've Got Forever
9%
Got to Be ThereWings of My Love
9%
Music & MeWith a Child's Heart
9%
Got to Be ThereYou've Got a Friend
9%
The WizA Brand New Day
8%
Forever, MichaelI'll Come Home to You
8%
BenShoo-Be-Doo-Be-Doo-Da-Day
8%
Music & MeToo Young
8%
Forever, MichaelYou Are There
8%
BenYou Can Cry on My Shoulder
8%
Music & MeAll the Things You Are
7%
The WizBe a Lion
7%
Farewell My Summer LoveDon't Let It Get You Down
7%
Farewell My Summer LoveGirl You're So Together
7%
Farewell My Summer LoveMelodie
7%
Music & MeMorning Glow
7%
Jermaine JacksonTell Me I'm Not Dreamin' (Too Good to Be True)
7%
Farewell My Summer LoveTouch the One You Love
7%
Music & MeUp Again
7%
Farewell My Summer LoveCall on Me
6%
Music & MeDoggin' Around
6%
Promo SingleSomeone Put Your Hand Out
6%
Farewell My Summer LoveTo Make My Father Proud
6%
Farewell My Summer LoveHere I Am (Come and Take Me)
5%
Promo Single #3What More Can I Give
5%
Farewell My Summer LoveYou've Really Got a Hold on Me
5%
Promo Single #2The 12" Mixes
4%
Promo Single #4Todo Para Ti
4%
BenWhat Comes Around Goes Around
4%

Score Distribution

Percentile by Number Answered

Percent of People with Each Score

Your Score History

You have not taken this quiz since the last reset